Návrh a realizácia informačného systému pre sledovanie údržby strojov

Gespeichert in:
Bibliographische Detailangaben
1. Verfasser: Krajčovič, Lukáš (Verfasst von)
Weitere Verfasser: Juhásová, Bohuslava (Betreuung Doktorarbeit)
Format: Manuskript Buch
Sprache:Slowakisch
Veröffentlicht: 2019
Schlagworte:
Online-Zugang:http://is.stuba.sk/zp/portal_zp.pl?podrobnosti=123543
Tags: Tag hinzufügen
Keine Tags, Fügen Sie das erste Tag hinzu!

MARC

LEADER 00000ntm a22000003a 4500
001 stuzp67316
003 SK-STU
005 20190629210534.6
007 ta
008 150427s2015----xo-----f-mn---000-0-slo-d
040 |a STU  |b slo 
041 0 |a slo 
100 1 |a Krajčovič, Lukáš  |u 066000  |4 aut  |U MTF Materiálovotechnologická fakulta  |T MTF Ústav aplikovanej informatiky, automatizácie a mechatroniky  |X 80194  |U M6000  |Y 86  |7 80194 
242 0 1 |a Design and implementation of an information system for monitoring machine maintenance  |y eng 
245 1 0 |a Návrh a realizácia informačného systému pre sledovanie údržby strojov 
260 |c 2019 
650 4 |a aplikácia  |2 slo 
650 4 |a sledovanie údržby  |2 slo 
650 4 |a stroj  |2 slo 
650 4 |a informačný systém  |2 slo 
650 4 |a Visual Studio  |2 slo 
650 4 |a MS SQL  |2 slo 
650 4 |a application  |2 eng 
650 4 |a maintenance monitoring  |2 eng 
650 4 |a machine  |2 eng 
650 4 |a information system  |2 eng 
650 4 |a Visual Studio  |2 eng 
650 4 |a MS SQL  |2 eng 
700 1 |a Juhásová, Bohuslava  |u 066000  |k Z1  |4 ths  |U MTF Materiálovotechnologická fakulta  |T MTF Ústav aplikovanej informatiky, automatizácie a mechatroniky  |X 201  |U M6000  |Y 86  |7 A000000201 
856 4 |u http://is.stuba.sk/zp/portal_zp.pl?podrobnosti=123543 
996 |c M* BP-8705  |l MMSKP  |s P  |a 0  |w stuzp67316_0001